000 02039cam a22004934i 4500
003 PE-LiUPU
005 20250731172831.0
008 150821s2014 miu r 001 0 eng d
020 _a9780802869845
_q(pbk.: alk, paper)
035 _a(Sirsi) i9780802869845
040 _aPE-LiUPU
_bspa
_dPE-LiUPU
_erda
049 _aPRUA
082 0 4 _a248.3
_bZ82
_223
100 1 _aZimmerman, Joyce Ann,
_d1945-,
_eautor.
245 1 0 _aWorship with gladness :
_bunderstanding worship from the heart /
_cJoyce Ann Zimmerman.
264 1 _aGrand Rapids, Michigan :
_bWilliam B. Eerdmans Publishing Company,
_c2014.
300 _axvii, 163 páginas ;
_c23 centímetros.
336 _atext
_2rdacontent
337 _aunmediated
_2rdamedia
338 _avolume
_2rdacarrier
490 0 _aThe Calvin Institute of Christian Worship liturgical studies series
504 _aÍndice de referencia bíblica : páginas 159-163.
504 _aÍndice de temas : páginas 156-158.
505 0 _aWorship: Withering or greening? -- God's word: A primer on worship? -- Who we are before God: "do you not know...?" -- Being together before God: Is worship marking a difference in how we live?.
526 _aSEG42
526 _aSEG41
526 _aSEG40
526 _aSEG39
526 _aP94
526 _aP87
526 _aP86
526 _aP85
526 _aP77
526 _aP76
526 _aP35
650 4 _aCulto.
910 _aaas
_bjck
_caas
_d20150821
942 _2ddc
_cBOOK
949 _aPGT 248.3 Z82
_wDEWEY
_c1
_i71746
_lCCODEBUL1
_mBUL
_p23.26
_r0
_sY
_tBOOK
_u2015-8-21
_xTEOLOGIA
_PP85
_0COMPRA
_o.CIRCNOTE. No olvidar cambiar la fecha de devolución!!!!!!!
_o.STAFF. Posgrado
994 _aC0
_bPEPRU
596 _a1
999 _aPGT 248.3 Z82
_wDEWEY
_c6796
_i71746
_f2021-11-10
_g5
_lCCODEBUL1
_mBUL
_p23.26
_r0
_sY
_tBOOK
_u2015-8-21
_xTEOLOGIA
_PP85
_0COMPRA
_o.CIRCNOTE. No olvidar cambiar la fecha de devolución!!!!!!!
_o.STAFF. Posgrado
_d6796
980 _81
_gALBERTO SANCHEZ Responsable de Automatización